| 000 | 01001cam a2200205 4500 | ||
|---|---|---|---|
| 001 | WB3907-09 | ||
| 008 | 030218n2003 000 0 eng u | ||
| 035 | _a(Sirsi) u121380 | ||
| 245 | _aResults of mobile phone masts study | ||
| 260 | _c2003 | ||
| 490 |
_aDTI Press Release _v(P/2003/100) 18 February 2003, (2) |
||
| 520 | _aNew figures from a government study show that readings of electromagnet emissions from mobile phone masts in the UK are well below international guidelines. The audit of mobile phone masts will continue in 2003, focusing on schools and hospitals before researching other sites. Audit details available on the Radiocommunications Agency website at www.radio.gov.uk/topics/mpsafety/school-audit/audit.htm www.gnn.gov.uk/gnn/national.nsf/TI/BC63BBEBABE41C3F80256CD1003362B4?opendocument | ||
| 590 | _aWB | ||
| 650 | _aMOBILE PHONE MASTS | ||
| 650 | _aEMISSION LEVELS | ||
| 650 | _aBASE STATIONS | ||
| 650 | _aAUDIT | ||
| 690 |
_aHealth and safety _96244 |
||
| 942 | _n0 | ||
| 999 |
_c72128 _d72128 |
||